000 02913cam a22001934a 4500
005 20250605164029.0
008 250528s ||||||||||||||||||||||||d
035 _a16551
040 _aGR-AtMCL
_bgre
_dGR-AtMCL
_eAACR2
245 1 _aΣχέσεις Σχολείου - Οικογένειας / Τα Δικαιώματα Εκπαιδευτικών, Γονέων, Μαθητών
250 _a
260 _bΕπικαιρότητα,
_c1984
300 _a128
520 _aΤο βιβλίο παρουσιάζει όλα τα στοιχεία που αναφέρονται στο νομικό πλέγμα των σχέσεων σχολείου - οικογένειας, αλλά και τα στοιχεία εκείνα που μορφώνουν τη δυναμική που η παρέμβαση των συνδικαλιστικών φορέων των εκπαιδευτικών και των γονέων αλλά και των ίδιων μαθητών δημιουργεί. Σημείωμα, Σχέσεις Σχολείου - Οικογένειας, Σχολείο - Οικογένεια και ''Μηχανισμοι Κοινωνικοποίησης, Η Ευθύνη για τη Μόρφωση του Παιδιού, Η Αποστολή του Κράτους και οι Τύποι Σχολείων και Ροή Μαθητών, Παράγοντες Επηρεασμού της Εκπαιδευτικής Πολιτικής, Σχέσεις Διοίκησης - Εκπαιδευτικών και Καθήκοντα και Αρμοδιότητες, Οι Σχολικοί Σύμβουλοι, Υποχρεώσεις - Δικαιώματα Μαθητών, Μαθητικές Κοινότητες, Μαθητικές Κινητοποιήσεις, Πολιτικά Κόμματα και Μαθητές και Σχολείο, Οι Γονεις: Δικαιώματα και Υποχεώσεις, Σύλλογοι Γονέων: Ρόλος και Δραστηριότητα, Οργανώσεις Εκπαιδευτικών, Άλλες Εθνικές Πρωτοβουλίες, Επίλογος, Σημειώσεις - Παραπομπές, Επιλογή Βιβλιογραφίας, Προβλήματα Παιδείας, Περιεχόμενο και Παιδευτική Διαδικασία, Εκπαίδευση και Παραγωγή, Προσπάθεια Σύνδεσης Σχολείου - Κοινωνίας, Τα Προνόμια της Καθηγητικής Έδρας, Το Τελευταίο Χαρτί του Καθηγητικού Κατεστημένου, Ο Καθηγητής - Φεουδάρχης Χάνει τη Μάχη, Μπροστά στις Ευθύνες τους, Τα Νέα Τεχνολογικά Ιδρύματα, Οι Κινητοποιήσεις των Μαθητών.
700 1 _aΠαπαζόγλου Μήνα
_92650
942 _cBK
999 _c2043
_d2043